| 000 -LEADER |
| fixed length control field |
00820nam a2200277Ia 4500 |
| 001 - CONTROL NUMBER |
| control field |
21655 |
| 003 - CONTROL NUMBER IDENTIFIER |
| control field |
GE_BSU |
| 005 - DATE AND TIME OF LATEST TRANSACTION |
| control field |
20230731145643.0 |
| 008 - FIXED-LENGTH DATA ELEMENTS--GENERAL INFORMATION |
| fixed length control field |
181216s2010||||Pl |||||||||||||| ||pol|| |
| 020 ## - INTERNATIONAL STANDARD BOOK NUMBER |
| International Standard Book Number |
9788360229255 |
| 040 ## - CATALOGING SOURCE |
| Transcribing agency |
GE_BSU |
| 041 ## - LANGUAGE CODE |
| Language code of text/sound track or separate title |
pol |
| 080 ## - UNIVERSAL DECIMAL CLASSIFICATION NUMBER |
| Universal Decimal Classification number |
811.162.1 M-24 |
| 100 ## - MAIN ENTRY--PERSONAL NAME |
| Personal name |
Malolepsza, M. |
| 9 (RLIN) |
13263 |
| 245 ## - TITLE STATEMENT |
| Title |
Hurra!!! Po Polsku : |
| Remainder of title |
Student's Workbook Volume 1 A1 / |
| Statement of responsibility, etc. |
M. Malolepsza, A. Szymkiewicz. |
| 264 ## - PRODUCTION, PUBLICATION, DISTRIBUTION, MANUFACTURE, AND COPYRIGHT NOTICE |
| Place of production, publication, distribution, manufacture |
Krakow : |
| Name of producer, publisher, distributor, manufacturer |
Prolog, |
| Date of production, publication, distribution, manufacture, or copyright notice |
2010. |
| 300 ## - PHYSICAL DESCRIPTION |
| Extent |
86 p. ; |
| Dimensions |
27cm. |
| Accompanying material |
+1CD |
| 653 ## - INDEX TERM--UNCONTROLLED |
| keyword |
Hurra!!! Po Polsku |
| 653 ## - INDEX TERM--UNCONTROLLED |
| keyword |
Student's Workbook Volume 1 |
| 653 ## - INDEX TERM--UNCONTROLLED |
| keyword |
Propozycja programowa na poziom A1 |
| 653 ## - INDEX TERM--UNCONTROLLED |
| keyword |
Польский язык |
| 653 ## - INDEX TERM--UNCONTROLLED |
| keyword |
პოლონური ენა |
| 700 ## - ADDED ENTRY--PERSONAL NAME |
| Personal name |
Szymkiewicz, A. |
| Relator term |
author |
| 9 (RLIN) |
13264 |
| 942 ## - ADDED ENTRY ELEMENTS (KOHA) |
| Koha item type |
წიგნი |
| Source of classification or shelving scheme |
|